Adivina el puerto de montaña (ciclismo) - Estadísticas

Estadísticas generales
  • Esta prueba ha sido intentada 174 veces
  • La puntuación promedio es 3 de 6
Estadísticas de respuestas
Imagen Respuesta % Correcto
tourmalet
89%
angliru
84%
mortirolo
60%
lagos de covadonga
54%
mont ventoux
30%
monte zoncolan
9%
No se encontraron pruebas coincidentes
Distribución de puntuación
Porcentaje de gente con cada puntuación
Porcentaje por número respondido
Historial de tus puntuaciones
No has intentado esta prueba.